|
|
|
|
| LEADER |
00000nab#a22000007a#4500 |
| 001 |
arbauad001784 |
| 003 |
AR-BaUAD |
| 005 |
20250711110451.0 |
| 008 |
930727|||||||||###||||||b###|0###a|spa|| |
| 040 |
|
|
|a AR-BaUAD
|c AR-BaUAD
|b spa
|
| 245 |
1 |
0 |
|a Surreido curviquebrado
|b versiones de lo moderno
|
| 300 |
0 |
|
|b il., fot.
|
| 500 |
|
|
|a Reflexiones sobre la arquitectura de la década del 50.
|
| 653 |
|
|
|a HISTORIA
|
| 653 |
|
|
|a ARQUITECTURA
|
| 653 |
|
|
|a DECADA DE 1950
|
| 653 |
|
|
|a 1950
|
| 773 |
0 |
|
|t Arquitectura Viva
|g no. 5 [mar. 1989], p. 6-10
|
| 942 |
|
|
|c ARTI
|
| 952 |
|
|
|0 0
|1 0
|4 0
|7 0
|9 46704
|a AR-BAuAD
|b AR-BAuAD
|d 2025-07-11
|l 0
|p AAQA001784
|r 2025-07-11 11:04:51
|w 2025-07-11
|y ARTI
|
| 990 |
|
|
|a AQ198
|b TD
|
| 998 |
|
|
|a AAQ
|b BIBUN76
|
| 999 |
|
|
|c 26377
|d 26377
|